Marcatori dell'Inter in UEFA Champions League 2022-2023 - Statistics

Statistiche generali
  • Questo quiz è stato fatto 62 volte
  • Il punteggio medio è 18 su 19
Statistiche sulle risposte
Partita Minuto Marcatore % Corretto
Barcellona - Inter 3-3 53' Lautaro Martínez
100%
Inter - Benfica 3-3 65' Lautaro Martinez
100%
Inter - Milan 1-0 74' Lautaro Martínez
100%
Inter - Viktoria Plzeň 4-0 87' Romelu Lukaku
100%
Inter - Porto 1-0 86' Romelu Lukaku
100%
Benfica - Inter 0-2 82' Romelu Lukaku
100%
Barcellona - Inter 3-3 50' Nicolò Barella
98%
Benfica - Inter 0-2 51' Nicolò Barella
98%
Inter - Benfica 3-3 14' Nicolò Barella
98%
Viktoria Plzeň - Inter 0-2 20' Edin Džeko
95%
Inter - Viktoria Plzeň 4-0 42' Edin Džeko
95%
Inter - Viktoria Plzeň 4-0 66' Edin Džeko
95%
Milan - Inter 0-2 8' Edin Džeko
95%
Inter - Barcellona 1-0 46' Hakan Çalhanoğlu
95%
Viktoria Plzeň - Inter 0-2 70' Denzel Dumfries
91%
Inter - Viktoria Plzeň 4-0 35' Henrix Mxit'aryan
89%
Milan - Inter 0-2 11' Henrix Mxit'aryan
89%
Barcellona - Inter 3-3 89' Robin Gosens
85%
Inter - Benfica 3-3 78' Joaquín Correa
82%
Nessun quiz corrispondente trovato
Distribuzione punteggi
Percentuale di utenti per punteggio
Percentile per numero di risposta
I tuoi punteggi nel tempo
Non hai fatto questo quiz